| 000 | 00837nam a2200253 i 4500 | ||
|---|---|---|---|
| 001 | bg | ||
| 003 | KOSZ 005 | ||
| 005 | 20191206111732.0 | ||
| 008 | 070907s1968 pl a f 001 0 pol | ||
| 015 | _aPB 1968/8084 | ||
| 040 |
_aWA N _cKOSZ 005/RW _dKOSZ 005/RW |
||
| 080 | _a621.9 | ||
| 100 | 1 |
_aMiracki, Jerzy _eAutor |
|
| 245 | 1 | 0 |
_aPoradnik szlifierza / _cJerzy Miracki. |
| 260 |
_aWarszawa : _bWydawnictwa Naukowo-Techniczne, _c1968. |
||
| 300 |
_a731,[1] s., [1] k. tabl., : _bil., err. ; _c18 cm. |
||
| 380 | _aKsiążki. | ||
| 504 | _aBibliogr. przy rozdz. Indeks. | ||
| 655 | 4 | _aPoradnik | |
| 650 | 4 | _aSzlifowanie | |
| 710 | 2 |
_aWydawnictwa Naukowo-Techniczne _4pbl. |
|
| 856 |
_uhttp://koha.tu.koszalin.pl/cgi-bin/koha/opac-detail.pl?biblionumber=11237 _yKatalog online BPK |
||
| 942 |
_2UKD _cKS |
||
| 999 |
_c11237 _d11237 |
||